|
|
|
|
| LEADER |
00654cam a2200205 a 4500 |
| 001 |
0000098952 |
| 005 |
20080822090000.0 |
| 040 |
|
|
|a mod
|
| 041 |
|
|
|a eng
|
| 020 |
0 |
0 |
|a 9780754670407
|
| 090 |
0 |
0 |
|a 327.172
|b SAR
|e 2007
|
| 100 |
1 |
0 |
|a Sargent
|h Wendy M
|
| 245 |
1 |
0 |
|a Civilizing peace building
|b twenty first century global politics
|c Wendy M. Sargent
|
| 260 |
0 |
0 |
|a Burlington, VT
|b Ashgate
|c 2007
|
| 300 |
|
|
|a 248 p.
|c 24 cm
|
| 504 |
0 |
0 |
|a Includes bibliographical references (p. [197]-240) and index
|
| 650 |
0 |
0 |
|a International relations
|
| 650 |
0 |
0 |
|a Peace-building
|
| 852 |
0 |
0 |
|a 01
|
| 999 |
|
|
|a 0272531
|b KEMENTAH
|d BOOKS
|e Umum
|f Perpustakaan KEMENTAH
|j AVAILABLE
|q GOOD CONDITION
|